[Event "RA-2023-0-00721"]
[Site "LSS email"]
[Date "2023.04.09"]
[Round "?"]
[White "Ruano Casanova, Enrique"]
[Black "Csernus, Robert"]
[Result "1/2-1/2"]
[WhiteElo "2112"]
[BlackElo "2038"]
[PlyCount "24"]
[EventDate "2022.12.16"]
[EventType "tourn (corr)"]
[EventRounds "6"]
[EventCountry "GER"]
[SourceTitle "Corr 2024"]
[Source "ChessBase"]
[SourceDate "2023.10.19"]
[SourceVersion "1"]
[SourceVersionDate "2023.10.19"]
[SourceQuality "1"]

1. e4 e5 2. f4 exf4 3. Nf3 g5 4. h4 g4 5. Ne5 d6 6. Nxg4 Nf6 7. Nxf6+ Qxf6 8. Nc3 Nc6 9. d3 Be6 10. Nd5 Bxd5 11. exd5 Qe5+ 12. Kf2 Qd4+ 1/2-1/2

[Event "RA-2023-0-00721"]
[Site "LSS email"]
[Date "2023.04.08"]
[Round "?"]
[White "Almeida, Ramiro"]
[Black "Csernus, Robert"]
[Result "0-1"]
[WhiteElo "2163"]
[BlackElo "2038"]
[PlyCount "46"]
[EventDate "2022.12.16"]
[EventType "tourn (corr)"]
[EventRounds "6"]
[EventCountry "GER"]
[SourceTitle "Corr 2024"]
[Source "ChessBase"]
[SourceDate "2023.10.19"]
[SourceVersion "1"]
[SourceVersionDate "2023.10.19"]
[SourceQuality "1"]

1. e4 e5 2. Nf3 Nf6 3. Nxe5 d6 4. Nf3 Nxe4 5. d4 d5 6. Bd3 Nc6 7. 0-0 Be7 8. Nbd2 Bf5 9. Re1 Nxd2 10. Qxd2 Qd7 11. Bb5 0-0 12. Bxc6 bxc6 13. Ne5 Qd6 14. Qc3 c5 15. dxc5 Qxc5 16. Nc6 Bd6 17. Qxc5 Bxc5 18. Be3 Bd6 19. Bf4 Bxf4 20. Ne7+ Kh8 21. Nxf5 c6 22. Re7 Kg8 23. Rd7 Rfd8 0-1

[Event "RA-2023-0-00721"]
[Site "LSS email"]
[Date "2023.04.06"]
[Round "?"]
[White "Csernus, Robert"]
[Black "Schleef, Harald"]
[Result "1/2-1/2"]
[WhiteElo "2038"]
[BlackElo "2109"]
[PlyCount "67"]
[EventDate "2022.12.16"]
[EventType "tourn (corr)"]
[EventRounds "6"]
[EventCountry "GER"]
[SourceTitle "Corr 2024"]
[Source "ChessBase"]
[SourceDate "2023.10.19"]
[SourceVersion "1"]
[SourceVersionDate "2023.10.19"]
[SourceQuality "1"]

1. c4 e6 2. Nc3 Nf6 3. e4 c5 4. e5 Ng8 5. Nf3 Nc6 6. d4 cxd4 7. Nxd4 Nxe5 8. Ndb5 a6 9. Nd6+ Bxd6 10. Qxd6 f6 11. Be3 Ne7 12. Bb6 Nf5 13. Qb4 Qe7 14. Qb3 0-0 15. f4 Ng6 16. 0-0-0 d6 17. g3 Bd7 18. Bh3 e5 19. c5+ Qf7 20. cxd6 exf4 21. Bc7 Qxb3 22. axb3 Rf7 23. Na4 Rc8 24. Nb6 Nxd6 25. Nxc8 Bxc8 26. Bxd6 Bxh3 27. Bxf4 h5 28. Rhe1 Ne7 29. Kc2 Kh7 30. Kc3 Nf5 31. Rd8 g5 32. Bd6 Kg6 33. Ree8 Bg2 34. Rg8+ 1/2-1/2

[Event "LSS SA-2021-0-00769"]
[Site "LSS email"]
[Date "2021.08.23"]
[Round "?"]
[White "Csernus, Robert"]
[Black "Vodicka, Milan"]
[Result "1/2-1/2"]
[WhiteElo "2056"]
[BlackElo "2105"]
[PlyCount "54"]
[EventDate "2021.07.27"]
[EventType "tourn (corr)"]
[EventRounds "6"]
[EventCountry "GER"]
[SourceTitle "Corr 2024"]
[Source "ChessBase"]
[SourceDate "2023.10.19"]
[SourceVersion "1"]
[SourceVersionDate "2023.10.19"]
[SourceQuality "1"]

1. d4 d5 2. c4 c6 3. Nf3 Nf6 4. Nc3 e6 5. Bg5 h6 6. Bh4 dxc4 7. e4 g5 8. Bg3 b5 9. Be2 Bb7 10. 0-0 Nbd7 11. Ne5 Bg7 12. Nxd7 Nxd7 13. Bd6 a6 14. a4 Bf8 15. Bxf8 Kxf8 16. e5 c5 17. axb5 axb5 18. dxc5 Qc7 19. Qd6+ Qxd6 20. exd6 b4 21. Rxa8+ Bxa8 22. Na4 Kg7 23. Bxc4 Bc6 24. Bb3 Bxa4 25. Bxa4 Nxc5 26. Bb5 Rd8 27. Rc1 Ne4 1/2-1/2

[Event "LSS SA-2021-0-00769"]
[Site "LSS email"]
[Date "2021.08.23"]
[Round "?"]
[White "Rodriguez, Raul"]
[Black "Csernus, Robert"]
[Result "1/2-1/2"]
[WhiteElo "2047"]
[BlackElo "2056"]
[PlyCount "52"]
[EventDate "2021.07.27"]
[EventType "tourn (corr)"]
[EventRounds "6"]
[EventCountry "GER"]
[SourceTitle "Corr 2024"]
[Source "ChessBase"]
[SourceDate "2023.10.19"]
[SourceVersion "1"]
[SourceVersionDate "2023.10.19"]
[SourceQuality "1"]

1. e4 g6 2. d4 Bg7 3. Nc3 d6 4. Nf3 Nf6 5. Be2 0-0 6. 0-0 c6 7. a4 Nbd7 8. Be3 e5 9. dxe5 Nxe5 10. Nxe5 dxe5 11. Qxd8 Rxd8 12. Bc4 Ng4 13. Bc1 a5 14. f3 Nf6 15. Be3 Nd7 16. Nb1 Bf8 17. Rd1 Re8 18. Nd2 Bc5 19. Bxc5 Nxc5 20. Nb3 Nd7 21. Bf1 f6 22. Rd6 Kf7 23. Rad1 Ke7 24. Kf2 Nf8 25. Bc4 Bd7 26. Nc5 Bc8 1/2-1/2

[Event "LSS SA-2021-0-00761"]
[Site "LSS email"]
[Date "2021.06.16"]
[Round "?"]
[White "Csernus, Robert"]
[Black "Avellan, Gerardo"]
[Result "1/2-1/2"]
[WhiteElo "2033"]
[BlackElo "2024"]
[PlyCount "70"]
[EventDate "2021.05.09"]
[EventType "tourn (corr)"]
[EventRounds "6"]
[EventCountry "GER"]
[SourceTitle "Corr 2024"]
[Source "ChessBase"]
[SourceDate "2023.10.19"]
[SourceVersion "1"]
[SourceVersionDate "2023.10.19"]
[SourceQuality "1"]

1. d4 d5 2. c4 e6 3. Nc3 Bb4 4. e3 c5 5. a3 Bxc3+ 6. bxc3 Nf6 7. cxd5 exd5 8. Bd3 Bg4 9. Ne2 Nc6 10. Rb1 Qd7 11. f3 Bh5 12. Nf4 Bg6 13. a4 Bxd3 14. Nxd3 cxd4 15. cxd4 Qe7 16. 0-0 b6 17. Nf4 0-0 18. Qd3 Qd7 19. Bd2 h6 20. Qb5 Rfc8 21. Rfc1 Rc7 22. Be1 Rac8 23. Bg3 Nxd4 24. Rxc7 Nxb5 25. Rxd7 Nc3 26. Rxa7 Nxb1 27. Ne2 Nc3 28. Nxc3 Rxc3 29. Bc7 d4 30. exd4 Rc1+ 31. Kf2 Rc2+ 32. Kg3 Nd5 33. Bd8 g5 34. h4 gxh4+ 35. Bxh4 Kg7 1/2-1/2

[Event "LSS SA-2021-0-00761"]
[Site "LSS email"]
[Date "2021.06.16"]
[Round "?"]
[White "Oliger, Mark"]
[Black "Csernus, Robert"]
[Result "1/2-1/2"]
[WhiteElo "1958"]
[BlackElo "2033"]
[PlyCount "61"]
[EventDate "2021.05.09"]
[EventType "tourn (corr)"]
[EventRounds "6"]
[EventCountry "GER"]
[SourceTitle "Corr 2024"]
[Source "ChessBase"]
[SourceDate "2023.10.19"]
[SourceVersion "1"]
[SourceVersionDate "2023.10.19"]
[SourceQuality "1"]

1. e4 c5 2. Nf3 e6 3. c3 d5 4. exd5 Qxd5 5. d4 Nf6 6. Na3 Nc6 7. Be3 cxd4 8. Nb5 Qd8 9. Nbxd4 Nd5 10. Nxc6 bxc6 11. Bd2 Bb7 12. Qc2 Qc7 13. c4 Nf6 14. c5 Be7 15. Be2 a5 16. Bc3 Ba6 17. Bxa6 Rxa6 18. 0-0 0-0 19. Be5 Qa7 20. Rac1 Nd5 21. Qe2 Rd8 22. h3 a4 23. Rfd1 Ra5 24. Bd4 a3 25. b3 Rb5 26. Ne5 Qc7 27. Nd3 Qd7 28. Rc4 Rbb8 29. Re1 h6 30. Ba1 Bf8 31. b4 1/2-1/2

[Event "RA-2021-0-00680"]
[Site "LSS email"]
[Date "2021.05.21"]
[Round "?"]
[White "Farnik, Kym"]
[Black "Csernus, Robert"]
[Result "1/2-1/2"]
[WhiteElo "2130"]
[BlackElo "2012"]
[PlyCount "48"]
[EventDate "2021.01.16"]
[EventType "tourn (corr)"]
[EventRounds "6"]
[EventCountry "GER"]
[SourceTitle "Corr 2024"]
[Source "ChessBase"]
[SourceDate "2023.10.19"]
[SourceVersion "1"]
[SourceVersionDate "2023.10.19"]
[SourceQuality "1"]

1. Nf3 d5 2. d4 e6 3. Bf4 c5 4. e3 Nc6 5. c3 Nf6 6. Nbd2 Be7 7. h3 0-0 8. Bd3 b6 9. 0-0 Bb7 10. Re1 Rc8 11. Rc1 Bd6 12. a3 Re8 13. Ne5 Qc7 14. Ng4 Nxg4 15. Bxd6 Qxd6 16. hxg4 cxd4 17. exd4 e5 18. dxe5 Nxe5 19. Nf3 Nxf3+ 20. Qxf3 g6 21. Bf1 Bc6 22. Qd3 Rcd8 23. Rxe8+ Rxe8 24. Qd2 Ba4 1/2-1/2

[Event "LSS SA-2021-0-00749"]
[Site "LSS email"]
[Date "2021.01.29"]
[Round "?"]
[White "Cleto Junior, Dirceu"]
[Black "Csernus, Robert"]
[Result "0-1"]
[WhiteElo "2066"]
[BlackElo "1978"]
[PlyCount "46"]
[EventDate "2020.12.31"]
[EventType "tourn (corr)"]
[EventRounds "6"]
[EventCountry "GER"]
[SourceTitle "Corr 2024"]
[Source "ChessBase"]
[SourceDate "2023.10.19"]
[SourceVersion "1"]
[SourceVersionDate "2023.10.19"]
[SourceQuality "1"]

1. e4 e5 2. f4 exf4 3. Nf3 Nf6 4. e5 Nh5 5. Be2 g5 6. 0-0 d6 7. exd6 Bxd6 8. Nxg5 Qxg5 9. Bxh5 Rg8 10. Bf3 Nc6 11. Nc3 Bf5 12. Nb5 0-0-0 13. Nxd6+ Rxd6 14. d3 Bh3 15. Rf2 Rf6 16. d4 Qh4 17. c3 Rh6 18. Kf1 Bd7 19. h3 Bxh3 20. gxh3 Qxh3+ 21. Ke2 Qe6+ 22. Kd3 Ne5+ 23. Kd2 Qf5 0-1

[Event "LSS SA-2021-0-00749"]
[Site "LSS email"]
[Date "2021.01.29"]
[Round "?"]
[White "Van Bommel, Ton"]
[Black "Csernus, Robert"]
[Result "0-1"]
[WhiteElo "2163"]
[BlackElo "1978"]
[PlyCount "68"]
[EventDate "2020.12.31"]
[EventType "tourn (corr)"]
[EventRounds "6"]
[EventCountry "GER"]
[SourceTitle "Corr 2024"]
[Source "ChessBase"]
[SourceDate "2023.10.19"]
[SourceVersion "1"]
[SourceVersionDate "2023.10.19"]
[SourceQuality "1"]

1. d4 Nf6 2. c4 g6 3. Nc3 Bg7 4. e4 d6 5. f3 0-0 6. Be3 c5 7. Nge2 Nc6 8. d5 Ne5 9. Ng3 e6 10. Be2 a6 11. 0-0 exd5 12. exd5 b5 13. cxb5 axb5 14. Bxb5 Ba6 15. Bxa6 Rxa6 16. b3 Qa5 17. Qd2 Qb4 18. Nge2 Ra3 19. Rfd1 c4 20. Nd4 cxb3 21. axb3 Rxa1 22. Rxa1 Rc8 23. Rc1 Re8 24. Ra1 Rc8 25. Rc1 Re8 26. h3 Ned7 27. Kf1 Nb6 28. Ncb5 Qxd2 29. Bxd2 Nfxd5 30. Nxd6 Ra8 31. Nc2 Ra2 32. Nb4 Rxd2 33. Nxd5 Nxd5 34. Nc4 Rd3 0-1

[Event "SB-2020-0-00600"]
[Site "LSS email"]
[Date "2020.08.16"]
[Round "?"]
[White "Csernus, Robert"]
[Black "Plutarco, Fosca"]
[Result "1/2-1/2"]
[WhiteElo "1975"]
[BlackElo "1923"]
[PlyCount "37"]
[EventDate "2020.06.15"]
[EventType "tourn (corr)"]
[EventRounds "6"]
[EventCountry "GER"]
[SourceTitle "Corr 2022"]
[Source "ChessBase"]
[SourceDate "2021.10.24"]
[SourceVersion "1"]
[SourceVersionDate "2021.10.24"]
[SourceQuality "1"]

1. d4 d5 2. c4 c6 3. Nf3 Nf6 4. Nc3 e6 5. Bg5 h6 6. Bh4 dxc4 7. e4 g5 8. Bg3 b5 9. Be2 Bb7 10. 0-0 Nbd7 11. Ne5 Bg7 12. Nxd7 Qxd7 13. e5 Nd5 14. Ne4 Bf8 15. a4 Bb4 16. Bf3 a6 17. Qc2 0-0-0 18. Nd6+ Bxd6 19. exd6 1/2-1/2

[Event "RB-2020-0-00392"]
[Site "LSS email"]
[Date "2020.06.27"]
[Round "?"]
[White "Peterson, Oscar"]
[Black "Csernus, Robert"]
[Result "1/2-1/2"]
[WhiteElo "1850"]
[BlackElo "1952"]
[PlyCount "37"]
[EventDate "2020.03.04"]
[EventType "tourn (corr)"]
[EventRounds "6"]
[EventCountry "GER"]
[SourceTitle "Corr 2022"]
[Source "ChessBase"]
[SourceDate "2021.10.24"]
[SourceVersion "1"]
[SourceVersionDate "2021.10.24"]
[SourceQuality "1"]

1. d4 Nf6 2. c4 e6 3. Nf3 d5 4. Nc3 c5 5. cxd5 exd5 6. Bg5 Be6 7. e3 c4 8. Be2 Bb4 9. 0-0 0-0 10. Ne5 Nc6 11. Ng4 Be7 12. Nxf6+ Bxf6 13. Bxf6 Qxf6 14. b3 cxb3 15. Qxb3 Rfc8 16. Rfc1 Rc7 17. a4 Rac8 18. a5 Qd8 19. Qa3 1/2-1/2

[Event "RB-2020-0-00391"]
[Site "LSS email"]
[Date "2020.05.03"]
[Round "?"]
[White "Shchebenyuk, Nina"]
[Black "Csernus, Robert"]
[Result "1/2-1/2"]
[WhiteElo "1819"]
[BlackElo "1956"]
[PlyCount "54"]
[EventDate "2020.02.21"]
[EventType "tourn (corr)"]
[EventRounds "6"]
[EventCountry "GER"]
[SourceTitle "Corr 2022"]
[Source "ChessBase"]
[SourceDate "2021.10.24"]
[SourceVersion "1"]
[SourceVersionDate "2021.10.24"]
[SourceQuality "1"]

1. e4 e6 2. d4 d5 3. Nc3 Bb4 4. e5 c5 5. a3 Bxc3+ 6. bxc3 Ne7 7. Qg4 0-0 8. Bd3 f5 9. exf6 Rxf6 10. Bg5 Rf7 11. Qh5 g6 12. Qd1 Nbc6 13. Nf3 Qf8 14. 0-0 c4 15. Be2 h6 16. Bc1 Qg7 17. h3 Bd7 18. a4 Kh7 19. Ba3 b6 20. Qd2 g5 21. Nh2 Re8 22. Bh5 Ng6 23. Rae1 Rf5 24. Ng4 Rg8 25. Ne3 Rf6 26. Ng4 Rf5 27. Ne3 Rf6 1/2-1/2

[Event "RB-2020-0-00391"]
[Site "LSS email"]
[Date "2020.04.22"]
[Round "?"]
[White "Farnik, Kym"]
[Black "Csernus, Robert"]
[Result "1/2-1/2"]
[WhiteElo "1917"]
[BlackElo "1956"]
[PlyCount "37"]
[EventDate "2020.02.21"]
[EventType "tourn (corr)"]
[EventRounds "6"]
[EventCountry "GER"]
[SourceTitle "Corr 2022"]
[Source "ChessBase"]
[SourceDate "2021.10.24"]
[SourceVersion "1"]
[SourceVersionDate "2021.10.24"]
[SourceQuality "1"]

1. d4 Nf6 2. Bf4 d5 3. Nf3 e6 4. e3 Bd6 5. Bb5+ c6 6. Bd3 Bxf4 7. exf4 Qd6 8. Qd2 0-0 9. 0-0 b6 10. Ne5 c5 11. Re1 cxd4 12. Na3 a6 13. Be2 Nc6 14. Nxc6 Qxc6 15. Qxd4 Qc5 16. Rad1 Qxd4 17. Rxd4 b5 18. c3 g6 19. Nc2 1/2-1/2

[Event "SB-2020-0-00594"]
[Site "LSS email"]
[Date "2020.04.22"]
[Round "?"]
[White "Knoeppel, Bjoern"]
[Black "Csernus, Robert"]
[Result "0-1"]
[WhiteElo "1821"]
[BlackElo "1956"]
[PlyCount "144"]
[EventDate "2020.01.28"]
[EventType "tourn (corr)"]
[EventRounds "6"]
[EventCountry "GER"]
[SourceTitle "Corr 2022"]
[Source "ChessBase"]
[SourceDate "2021.10.24"]
[SourceVersion "1"]
[SourceVersionDate "2021.10.24"]
[SourceQuality "1"]

1. c4 e5 2. g3 Nf6 3. Bg2 c6 4. d4 exd4 5. Qxd4 d5 6. cxd5 cxd5 7. Nf3 Nc6 8. Qa4 Bc5 9. 0-0 0-0 10. Bg5 h6 11. Bxf6 Qxf6 12. Nc3 Rd8 13. Rac1 Bb6 14. e3 Be6 15. Rfd1 g5 16. Rd2 d4 17. Nxd4 Nxd4 18. exd4 Rxd4 19. Rxd4 Bxd4 20. Rc2 Rd8 21. Rd2 Bxc3 22. Rxd8+ Qxd8 23. bxc3 Qd3 24. Qb4 Qd1+ 25. Bf1 Bh3 26. Qc4 a6 27. Qe2 Qb1 28. a4 Kf8 29. a5 Qa1 30. Qc4 Bxf1 31. Qxf1 Qxa5 32. Qb1 b5 33. Qh7 Qb6 34. Qh8+ Ke7 35. h3 Qe6 36. Qa8 Qe1+ 37. Kg2 Qxc3 38. Qxa6 b4 39. Qxh6 b3 40. Qxg5+ Ke6 41. Qg4+ Kd5 42. Qf5+ Kd4 43. Qd7+ Kc4 44. Qxf7+ Kd3 45. Qf5+ Kd2 46. Qf4+ Kc2 47. Qe4+ Qd3 48. Qc6+ Kd1 49. Qa4 Qd5+ 50. Kg1 Kc1 51. Qa1+ Kc2 52. Qa4 Kb1 53. Qg4 b2 54. Qa4 Qd3 55. Qg4 Qc2 56. h4 Qc1+ 57. Kh2 Qc6 58. Kg1 Kc1 59. Qg5+ Kd1 60. Qg4+ Kc1 61. Qg5+ Kc2 62. Qf5+ Kb3 63. Qf7+ Kb4 64. Qe7+ Kb3 65. Qf7+ Kc3 66. Qf5 Kd2 67. Qf4+ Kc2 68. Qf5+ Kc3 69. h5 Kb4 70. Kh2 Kb3 71. Qd3+ Qc3 72. Qg6 Qf3 0-1

[Event "RB-2019-0-00383"]
[Site "LSS email"]
[Date "2019.12.25"]
[Round "?"]
[White "Boni, Roberto"]
[Black "Csernus, Robert"]
[Result "1-0"]
[WhiteElo "2142"]
[BlackElo "1996"]
[PlyCount "69"]
[EventDate "2019.10.30"]
[EventType "tourn (corr)"]
[EventRounds "6"]
[EventCountry "GER"]
[SourceTitle "Corr 2022"]
[Source "ChessBase"]
[SourceDate "2021.10.24"]
[SourceVersion "1"]
[SourceVersionDate "2021.10.24"]
[SourceQuality "1"]

1. e4 e5 2. Nf3 Nc6 3. Bb5 a6 4. Ba4 Nf6 5. 0-0 Be7 6. Re1 b5 7. Bb3 d6 8. c3 0-0 9. h3 Na5 10. Bc2 c5 11. d4 Qc7 12. a4 Bd7 13. d5 c4 14. Be3 bxa4 15. Bxa4 Rab8 16. Ra2 Bb5 17. Nfd2 Nd7 18. Bc2 Rfc8 19. Na3 Qd8 20. Qe2 Nc5 21. Kh2 Ra8 22. g3 Bf8 23. Kg2 Nd7 24. Rea1 g6 25. h4 Nf6 26. Qf3 Be7 27. Nxb5 axb5 28. Bg5 Kg7 29. h5 Nxd5 30. Bxe7 Nxe7 31. h6+ Kf8 32. Qf6 Nec6 33. Qg7+ Ke7 34. Nf3 Ke6 35. Bd1 1-0

[Event "RB-2019-0-00383"]
[Site "LSS email"]
[Date "2019.12.25"]
[Round "?"]
[White "Csernus, Robert"]
[Black "Farnik, Kym"]
[Result "0-1"]
[WhiteElo "1996"]
[BlackElo "1825"]
[PlyCount "66"]
[EventDate "2019.10.30"]
[EventType "tourn (corr)"]
[EventRounds "6"]
[EventCountry "GER"]
[SourceTitle "Corr 2022"]
[Source "ChessBase"]
[SourceDate "2021.10.24"]
[SourceVersion "1"]
[SourceVersionDate "2021.10.24"]
[SourceQuality "1"]

1. Nf3 d5 2. e3 Nf6 3. c4 e6 4. b3 c5 5. Bb2 Nc6 6. cxd5 exd5 7. Bb5 Bd6 8. 0-0 0-0 9. d4 cxd4 10. Nxd4 Qb6 11. Bxc6 bxc6 12. Nc3 c5 13. Nf3 Bb7 14. Rc1 Rac8 15. h3 Rfe8 16. Na4 Qd8 17. Qd3 h6 18. Rfd1 Nh5 19. b4 d4 20. bxc5 Bxf3 21. cxd6 Bxd1 22. Rxd1 Qxd6 23. Bxd4 Red8 24. Nb2 Qc6 25. Qe2 Nf6 26. Nd3 a5 27. Rc1 Qe6 28. Qb2 Rxc1+ 29. Nxc1 Rc8 30. Ne2 Qc6 31. Kh2 Qc2 32. Qb5 Ne4 33. a4 Ng5 0-1

[Event "SB-2019-0-00587"]
[Site "LSS email"]
[Date "2019.12.24"]
[Round "?"]
[White "Csernus, Robert"]
[Black "Van Bommel, Ton"]
[Result "1/2-1/2"]
[WhiteElo "1996"]
[BlackElo "2042"]
[PlyCount "51"]
[EventDate "2019.10.29"]
[EventType "tourn (corr)"]
[EventRounds "6"]
[EventCountry "GER"]
[SourceTitle "Corr 2022"]
[Source "ChessBase"]
[SourceDate "2021.10.24"]
[SourceVersion "1"]
[SourceVersionDate "2021.10.24"]
[SourceQuality "1"]

1. c4 Nf6 2. Nc3 e5 3. Nf3 Nc6 4. g3 d5 5. cxd5 Nxd5 6. Bg2 Nb6 7. 0-0 Be7 8. a3 0-0 9. b4 Be6 10. Rb1 f6 11. d3 a5 12. b5 Nd4 13. Nxd4 exd4 14. Na4 Bd5 15. Bxd5+ Qxd5 16. e4 dxe3 17. Bxe3 Nxa4 18. Qxa4 Bd6 19. Bf4 Bxf4 20. Qxf4 Rf7 21. Rfe1 Qxd3 22. Qa4 Qd6 23. Rbd1 Qf8 24. Qe4 Rb8 25. a4 h6 26. Kg2 1/2-1/2

[Event "SB-2019-0-00587"]
[Site "LSS email"]
[Date "2019.12.23"]
[Round "?"]
[White "Csernus, Robert"]
[Black "Knoeppel, Bjoern"]
[Result "1-0"]
[WhiteElo "1996"]
[BlackElo "1911"]
[PlyCount "73"]
[EventDate "2019.10.29"]
[EventType "tourn (corr)"]
[EventRounds "6"]
[EventCountry "GER"]
[SourceTitle "Corr 2022"]
[Source "ChessBase"]
[SourceDate "2021.10.24"]
[SourceVersion "1"]
[SourceVersionDate "2021.10.24"]
[SourceQuality "1"]

1. d4 Nf6 2. c4 g6 3. Nc3 Bg7 4. e4 d6 5. Nf3 0-0 6. Be2 e5 7. 0-0 exd4 8. Nxd4 Re8 9. f3 c6 10. Nc2 Na6 11. Qe1 Nb4 12. Nxb4 Qb6+ 13. Qf2 Qxb4 14. a3 Qb3 15. a4 Nd7 16. a5 f5 17. Rd1 Bxc3 18. Ra3 Qb4 19. Rxc3 Ne5 20. Bd2 Qxb2 21. f4 Nf7 22. Re3 fxe4 23. Bc3 Qa3 24. Qh4 Re6 25. Rh3 h5 26. Rg3 Qc5+ 27. Kh1 Qf5 28. Bxh5 e3 29. Be2 Re4 30. Rxd6 Be6 31. Qe7 Rxc4 32. h3 Rxc3 33. Rxe6 Kg7 34. Rgxg6+ Qxg6 35. Rxg6+ Kxg6 36. f5+ Kg7 37. Bh5 1-0

[Event "RB-2019-0-00377"]
[Site "LSS email"]
[Date "2019.10.08"]
[Round "?"]
[White "Koronowski, Heinz Juergen"]
[Black "Csernus, Robert"]
[Result "1-0"]
[WhiteElo "2056"]
[BlackElo "2022"]
[PlyCount "55"]
[EventDate "2019.07.19"]
[EventType "tourn (corr)"]
[EventRounds "6"]
[EventCountry "GER"]
[SourceTitle "Corr 2022"]
[Source "ChessBase"]
[SourceDate "2021.10.24"]
[SourceVersion "1"]
[SourceVersionDate "2021.10.24"]
[SourceQuality "1"]

1. e4 d6 2. d4 Nf6 3. Nc3 g6 4. f4 Bg7 5. Nf3 0-0 6. Bd3 Na6 7. 0-0 c5 8. d5 Bg4 9. Bc4 Nc7 10. h3 Bxf3 11. Qxf3 a6 12. a4 b6 13. g4 Rb8 14. Be2 Nd7 15. g5 b5 16. Qg2 b4 17. Nd1 e6 18. dxe6 fxe6 19. h4 h5 20. gxh6 Bd4+ 21. Be3 Kh7 22. Qg3 Bf6 23. Kh1 Bxh4 24. Qh2 d5 25. Bf2 Be7 26. Rg1 dxe4 27. Ne3 Bf6 28. Rad1 1-0

[Event "RB-2019-0-00374"]
[Site "LSS email"]
[Date "2019.08.13"]
[Round "?"]
[White "Csernus, Robert"]
[Black "Tylecek, Drahomir"]
[Result "1/2-1/2"]
[WhiteElo "2042"]
[BlackElo "2167"]
[PlyCount "137"]
[EventDate "2019.03.04"]
[EventType "tourn (corr)"]
[EventRounds "6"]
[EventCountry "GER"]
[SourceTitle "Corr 2022"]
[Source "ChessBase"]
[SourceDate "2021.10.24"]
[SourceVersion "1"]
[SourceVersionDate "2021.10.24"]
[SourceQuality "1"]

1. e4 e5 2. Nf3 Nc6 3. Bb5 a6 4. Ba4 Nf6 5. 0-0 Be7 6. Re1 b5 7. Bb3 0-0 8. a4 Bb7 9. d3 d6 10. Nbd2 Nd7 11. c3 Na5 12. Bc2 c5 13. Nf1 b4 14. Ne3 g6 15. Bd2 bxc3 16. bxc3 Nf6 17. c4 Bc8 18. Rb1 Bd7 19. h3 Nc6 20. Nd5 a5 21. Bh6 Re8 22. Qd2 Nxd5 23. cxd5 Nb4 24. Bb3 Bf8 25. Bg5 Be7 26. Bh6 Bf8 27. Bg5 f6 28. Be3 Bc8 29. Bc4 Bd7 30. Bb3 Bg7 31. Qe2 Rf8 32. Bd2 Rb8 33. Bc3 Bh6 34. Rb2 Bc8 35. Bc4 Rb7 36. Reb1 Rbf7 37. Be1 f5 38. Nh2 Bd7 39. Ra1 Bf4 40. Nf1 Rg7 41. Bc3 Qg5 42. g3 fxe4 43. h4 exd3 44. Bxd3 Qh5 45. Be4 Qxe2 46. Rxe2 Bh6 47. Bd2 Bxd2 48. Nxd2 Bc8 49. Re3 Ba6 50. Nb3 Rgf7 51. f3 Bb7 52. Rd1 Ra8 53. Rc3 Kg7 54. Rcc1 Rc7 55. Rc4 Kf7 56. Kf2 Ke8 57. Nd2 Rb8 58. Nb3 Ba6 59. Nxa5 Bxc4 60. Nxc4 Kd7 61. h5 Rcc8 62. Rh1 Rh8 63. g4 Na2 64. a5 Nc3 65. a6 gxh5 66. Rxh5 Kc7 67. Rxh7+ Rxh7 68. Bxh7 Ra8 69. g5 1/2-1/2

[Event "RB-2019-0-00374"]
[Site "LSS email"]
[Date "2019.08.13"]
[Round "?"]
[White "Sundqvist, Christer"]
[Black "Csernus, Robert"]
[Result "1-0"]
[WhiteElo "1975"]
[BlackElo "2042"]
[PlyCount "75"]
[EventDate "2019.03.04"]
[EventType "tourn (corr)"]
[EventRounds "6"]
[EventCountry "GER"]
[SourceTitle "Corr 2022"]
[Source "ChessBase"]
[SourceDate "2021.10.24"]
[SourceVersion "1"]
[SourceVersionDate "2021.10.24"]
[SourceQuality "1"]

1. d4 Nf6 2. c4 g6 3. Nc3 d5 4. cxd5 Nxd5 5. Bd2 Bg7 6. e4 Nb6 7. Be3 0-0 8. Bb5 Be6 9. Nf3 Nc4 10. Bxc4 Bxc4 11. Qa4 Ba6 12. h4 h5 13. 0-0-0 Qd7 14. Qb3 Nc6 15. e5 Qg4 16. Rh3 Na5 17. Qc2 Nc4 18. Bg5 Qd7 19. Re1 e6 20. Bf6 Nb6 21. Ng5 Nd5 22. Bxg7 Kxg7 23. Rf3 Nb4 24. Qd1 Rad8 25. Re4 c5 26. Ref4 Nd3+ 27. Rxd3 Bxd3 28. Qxd3 cxd4 29. Nb5 Rc8+ 30. Kd2 Qd5 31. Nd6 Qxe5 32. Qxd4 Qxd4+ 33. Rxd4 Rc7 34. Ke3 Kg8 35. Nb5 Re7 36. Nxa7 Ra8 37. Nb5 Rxa2 38. Rd8+ 1-0

[Event "RB-2019-0-00371"]
[Site "LSS email"]
[Date "2019.05.18"]
[Round "?"]
[White "Reyes Sablon, Alberto"]
[Black "Csernus, Robert"]
[Result "1/2-1/2"]
[WhiteElo "1786"]
[BlackElo "2040"]
[PlyCount "36"]
[EventDate "2018.12.30"]
[EventType "tourn (corr)"]
[EventRounds "6"]
[EventCountry "GER"]
[SourceTitle "Corr 2022"]
[Source "ChessBase"]
[SourceDate "2021.10.24"]
[SourceVersion "1"]
[SourceVersionDate "2021.10.24"]
[SourceQuality "1"]

1. d4 Nf6 2. c4 e6 3. Nc3 Bb4 4. Qc2 0-0 5. Nf3 d5 6. Bg5 h6 7. Bxf6 Qxf6 8. a3 Bxc3+ 9. Qxc3 dxc4 10. Qxc4 Nc6 11. Qc5 Re8 12. Ne5 Nxe5 13. dxe5 Qe7 14. Rc1 b6 15. Qxc7 Bd7 16. Rd1 Red8 17. e3 Rac8 18. Qxa7 Qc5 1/2-1/2

[Event "RB-2019-0-00371"]
[Site "LSS email"]
[Date "2019.05.16"]
[Round "?"]
[White "Bujdak, Pavel"]
[Black "Csernus, Robert"]
[Result "1/2-1/2"]
[WhiteElo "1970"]
[BlackElo "2040"]
[PlyCount "20"]
[EventDate "2018.12.30"]
[EventType "tourn (corr)"]
[EventRounds "6"]
[EventCountry "GER"]
[SourceTitle "Corr 2022"]
[Source "ChessBase"]
[SourceDate "2021.10.24"]
[SourceVersion "1"]
[SourceVersionDate "2021.10.24"]
[SourceQuality "1"]

1. e4 e5 2. Nf3 Nf6 3. d4 Nxe4 4. Bd3 d5 5. Nxe5 Nd7 6. Nxd7 Bxd7 7. 0-0 Bd6 8. Qh5 Qf6 9. Be3 Bf5 10. f3 g6 1/2-1/2